Movies by antonyms - Statistics

General Stats
  • This quiz has been taken 109 times
  • The average score is 8 of 15
Answer Stats
Hint Answer % Correct
Front to the past Back to the future
98%
Illegally brunette legally blonde
94%
dogs cats
90%
down up
90%
women in white men in black
88%
Charles and the vegetable farm Charlie and the chocolate factory
72%
cowardly brave
67%
boiled frozen
45%
The daddy the mummy
45%
papa iam mama mia
22%
changing back to green turning red
20%
out in company home alone
17%
stay to the outside of the sky journey to the center of the earth
10%
city tablet jungle book
3%
the disorganisation the matrix
3%
No matching quizzes found
Score Distribution
Percent of People with Each Score
Percentile by Number Answered
Your Score History
You have not taken this quiz